| 000 | 00912cam a2200301Ia 4500 | ||
|---|---|---|---|
| 999 |
_c4251 _d4251 |
||
| 001 | 558849 | ||
| 003 | OSt | ||
| 005 | 20181204102619.0 | ||
| 008 | 030220s2002 stk b 000 0 eng | ||
| 020 | _a185792813X | ||
| 035 | _a(OCoLC)ocm51717765 | ||
| 035 | _a(OCoLC)ocm51717765 | ||
| 040 |
_aTLQ _cTLQ |
||
| 049 | _aPTSS | ||
| 082 | 0 | 4 |
_a232.4 _221 _bC483C |
| 090 |
_aBT264 _b.C427 2002 |
||
| 100 | 1 |
_aCharnock, Stephen, _d1628-1680. |
|
| 245 | 1 | 0 |
_aChrist crucified : _bThe Once-For-All Sacrifice / _cStephen Charnock ; edited by Maurice Roberts ; introduced by J.I. Packer. |
| 260 |
_aFearn : _bChristian Focus, _c2002. |
||
| 300 |
_a193 p. ; _c20 cm. |
||
| 440 | 0 | _aChristian heritage | |
| 504 | _aIncludes bibliographical references. | ||
| 600 | 0 | 0 |
_aJesus Christ _xCrucifixion. |
| 650 | 0 | 0 | _aAtonement. |
| 650 | 0 | 0 | _aPassover in the New Testament. |
| 700 | 1 | _aRoberts, Maurice. | |
| 942 |
_2ddc _cBK |
||